Optimalizácia znalostného systému v konkrétnom podniku bakalárska práca

Gespeichert in:
Bibliographische Detailangaben
1. Verfasser: Ivaniuk, Oleksandra
Körperschaft: Fakulta podnikového manažmentu EU. Katedra informačného manažmentu
Weitere Verfasser: Hamranová, Anna, 1957-
Format: Buch
Sprache:Slowakisch
Veröffentlicht: Bratislava 2024
Tags: Tag hinzufügen
Keine Tags, Fügen Sie das erste Tag hinzu!

MARC

LEADER 00000nbm a2200000 4500
001 0301985
005 20250225084414.2
041 0 |a slo 
044 |a SK 
245 1 0 |a Optimalizácia znalostného systému v konkrétnom podniku  |b bakalárska práca  |c Oleksandra Ivaniuk ; školiteľ: Anna Hamranová 
264 1 |a Bratislava  |c 2024 
300 |a 49 s. 
100 1 |a Ivaniuk, Oleksandra 
700 1 |a Hamranová, Anna, 1957- 
710 2 |a Fakulta podnikového manažmentu EU. Katedra informačného manažmentu